Karimi Nduthu : (Record no. 124788)
[ view plain ]
| 000 -LEADER | |
|---|---|
| fixed length control field | 00771mam a2200253 a 4500 |
| 001 - CONTROL NUMBER | |
| control field | 2237796 |
| 003 - CONTROL NUMBER IDENTIFIER | |
| control field | ARRUPE |
| 005 - DATE AND TIME OF LATEST TRANSACTION | |
| control field | 20160504122436.0 |
| 008 - FIXED-LENGTH DATA ELEMENTS--GENERAL INFORMATION | |
| fixed length control field | 981015s1998 nyu 000 0 eng d |
| 020 ## - INTERNATIONAL STANDARD BOOK NUMBER | |
| International Standard Book Number | 1869886127 |
| 035 ## - SYSTEM CONTROL NUMBER | |
| System control number | (OCoLC)ocm40112976 |
| 040 ## - CATALOGING SOURCE | |
| Original cataloging agency | OSU |
| Transcribing agency | OSU |
| 050 ## - LIBRARY OF CONGRESS CALL NUMBER | |
| Classification number | DT433.582.N75K37 1998 |
| 300 ## - PHYSICAL DESCRIPTION | |
| Dimensions | 22 cm. |
| 100 ## - MAIN ENTRY--PERSONAL NAME | |
| Personal name | Kamau, Muthoni [et al] |
| 9 (RLIN) | 24323 |
| 245 10 - TITLE STATEMENT | |
| Title | Karimi Nduthu : |
| Remainder of title | a life in the struggle. |
| Statement of responsibility, etc | by Kamau, Muthoni |
| 260 ## - PUBLICATION, DISTRIBUTION, ETC. (IMPRINT) | |
| Place of publication, distribution, etc | Jamaica, New York : |
| Name of publisher, distributor, etc | Vita Books & Mau Mau Research Center, |
| Date of publication, distribution, etc | 1998. |
| 300 ## - PHYSICAL DESCRIPTION | |
| Extent | 100 p. ; |
| 500 ## - GENERAL NOTE | |
| General note | Includes poetry. |
| 650 #0 - SUBJECT ADDED ENTRY--TOPICAL TERM | |
| Topical term or geographic name as entry element | Nduthu, Karimi. |
| 9 (RLIN) | 24324 |
| 650 #0 - SUBJECT ADDED ENTRY--TOPICAL TERM | |
| Topical term or geographic name as entry element | Educators |
| Geographic subdivision | Kenya |
| Form subdivision | Biography. |
| 9 (RLIN) | 24325 |
| 651 #0 - SUBJECT ADDED ENTRY--GEOGRAPHIC NAME | |
| Geographic name | Kenya |
| General subdivision | Politics and government. |
| 9 (RLIN) | 4550 |
| 942 ## - ADDED ENTRY ELEMENTS (KOHA) | |
| Source of classification or shelving scheme | Library of Congress Classification |
| Koha item type | Monograph ( Printed materials) |
| Withdrawn status | Lost status | Source of classification or shelving scheme | Damaged status | Not for loan | Collection code | Home library | Current library | Shelving location | Date acquired | Total Checkouts | Full call number | Barcode | Date last seen | Price effective from | Koha item type |
|---|---|---|---|---|---|---|---|---|---|---|---|---|---|---|---|
| Library of Congress Classification | Main Collection | ARRUPE LIBRARY | ARRUPE LIBRARY | Main Collection | 03/05/2016 | DT433.582.N75K37 1998 | 46500006418 | 07/12/2017 | 03/05/2016 | Monograph ( Printed materials) |